000 00484nam a2200181Ia 4500
003 GCL
008 140319s9999 xx 000 0 eng d
040 _aGCL /
_cGCL
082 0 4 _a843
_bV C
100 1 _aVERNE, JULES
245 1 0 _aCING SEMAINES EN BALLON /
_cVERNE, JULES
260 _a[S.N] :
_bBIBLIOTHEQUE D' EDUCALIOX ET DE RECRATIO ،
_c1994
300 _a372\P
490 _aLE LIVRE DE POCHE
_v0
650 0 4 _aLITERATURE
650 0 4 _aFRENCH LITERATURE
942 _2ddc
_cBK
999 _c22406
_d22406